Random coefficient autoregressive models : an introduction /

Guardado en:
Autor Principal: Nicholls, Des F.
Otros Autores: Quinn, Barry G.
Formato: Libro
Idioma:English
Publicado: New York : Springer-Verlag, c1982.
Series:Lecture notes in statistics (Springer-Verlag) ; v. 11.
Materias:
Etiquetas: Agregar Etiqueta
Sin Etiquetas, Sea el primero en etiquetar este registro!
LEADER 00852pam a2200253 a 4500
001 MAT.inmabb004843
008 820719s1982####nyua#####b####001#0#eng##
005 20130320090218.0
245 1 0 |a Random coefficient autoregressive models :  |b an introduction /  |c Des F. Nicholls, Barry G. Quinn. 
260 |a New York :  |b Springer-Verlag,  |c c1982. 
300 |a v, 154 p. :  |b il. ;  |c 24 cm. 
490 1 |a Lecture notes in statistics ;  |v 11 
504 |a Bibliografía: p. 150-152. 
510 4 |a MR,  |c 84c:62121 
020 |a 0387907661 
100 1 |a Nicholls, Des F. 
700 1 |a Quinn, Barry G. 
830 0 |a Lecture notes in statistics (Springer-Verlag) ;  |v v. 11. 
650 0 |a Regression analysis. 
650 0 |a Random variables. 
084 |a 62M10 (60G10)  |2 msc2000 
010 |a  82010619  
040 |a DLC  |c DLC  |d DLC 
859 |h 62  |i N613  |p A-6022  |b BIB. MATEMATICA